Fundamentals of physics / (Record no. 1127)
[ view plain ]
| 000 -LEADER | |
|---|---|
| fixed length control field | 00538cam a2200169 a 4500 |
| 020 ## - INTERNATIONAL STANDARD BOOK NUMBER | |
| ISBN | 0471827703 |
| 050 00 - CALL NUMBER | |
| Classification number | QC21.2 |
| Item number | .H35 |
| 100 1# - AUTHOR | |
| Personal name | Halliday, David, |
| 245 10 - TITLE | |
| Title | Fundamentals of physics / |
| Statement of responsibility, etc | David Halliday, Robert Resnick, with the assistance of W. Farrell Edwards, John Merrill. |
| 250 ## - EDITION | |
| Edition statement | 2nd ed., extended version, rev. print. |
| 260 ## - PUBLICATION INFORMATION | |
| Place of publication | New York : |
| Name of publisher | Wiley, |
| Year of publication | c1986. |
| 300 ## - DESCRIPTION | |
| Number of Pages | xv, 1014, A36, I14 p. : |
| Other physical details | ill. ; |
| Dimensions | 26 cm. |
| 500 ## - NOTES | |
| General note | Includes index. |
| 650 #0 - SUBJECTS | |
| Topical Term | Physics. |
| 700 1# - OTHER AUTHORS | |
| Personal name | Resnick, Robert, |
| 942 ## - ADDED ENTRY ELEMENTS (KOHA) | |
| Koha item type | Books |
| Withdrawn status | Lost status | Home library | Current library | Date acquired | Full call number | Accession Number | Koha item type |
|---|---|---|---|---|---|---|---|
| Methodist University Library Wenchi Faculty | Methodist University Library Wenchi Faculty | 23/11/2017 | QC21.2 .H35 | 19734 | Books |